| 000 | 00361nam a22001337a 4500 | ||
|---|---|---|---|
| 020 | _a9780064442589 | ||
| 040 | _cNUST | ||
| 082 | _a823-CH LIT | ||
| 100 |
_aLittle, Jean _9110091 |
||
| 245 | _aEmmas Yucky Brother Reading 3 Alone I Can Read | ||
| 260 |
_aNew York: _bHarper Collins _c2001. |
||
| 650 |
_aBrothers and Sisters Fiction _9110092 |
||
| 942 |
_2ddc _cBK |
||
| 999 |
_c593613 _d593613 |
||